00778nam a22002175i 4500001000700000003000900007005001700016008004100033040002000074100005200094245007000146260004400216300002200260490003400282490004800316650002900364700002400393830003400417830004800451852006100499166123ES-MaACL20260306063016.0050908s1872 gw | |||||||| ||eng d aCAM bspa cCAM1 aTennyson, Alfred Tennyson, cBaron, d1809-189210aGareth and Lynette b: ; The last tournament / cAlfred Tennyson. aLeipzig : bBernhard Tauchnitz, c1872. a192 p. ; c16 cm.1 aCollection of british authors1 aThe poetical works of Alfred Tennyson ; v7 4aPoesía inglesa-yS.XIX1 aTauchnitz, Alfred, 0 aCollection of british authors0 aThe poetical works of Alfred Tennyson ; v7 aES-MaACLjG-12846(2) z-- Enc. hol. q-- Falto de antep.